Termodinámica (Record no. 107113)

MARC details
000 -LEADER
fixed length control field 01291nam a22003017a 4500
005 - DATE AND TIME OF LATEST TRANSACTION
control field 20251104085625.0
008 - FIXED-LENGTH DATA ELEMENTS--GENERAL INFORMATION
fixed length control field 251031b mx ||||| |||| 00| 0 spa d
020 ## - INTERNATIONAL STANDARD BOOK NUMBER
International Standard Book Number 9786071524676
050 04 - LIBRARY OF CONGRESS CALL NUMBER
Classification number QC311
Item number C46 2025
100 1# - MAIN ENTRY--PERSONAL NAME
Personal name Cengel, Yunus A.
240 10 - UNIFORM TITLE
Uniform title Thermodynamics : an engineering approach.
Language of a work Español.
245 10 - TITLE STATEMENT
Title Termodinámica
Statement of responsibility, etc / Yunus A. Cengel, Michael A. Boles, Mehmet Kanoglu ; revisión técnica José Emiliano Martínez Ordaz,...[et al.] ; traductores Jesús Elmer Murrieta Murrieta, Leticia Esther Pineda Ayala.
250 ## - EDITION STATEMENT
Edition statement 5a ed.
260 ## - PUBLICATION, DISTRIBUTION, ETC. (IMPRINT)
Place of publication, distribution, etc México :
Name of publisher, distributor, etc McGraw-Hill Interamericana Editores,
Date of publication, distribution, etc 2025.
300 ## - PHYSICAL DESCRIPTION
Extent xxiii, 710 p. :
Other physical details il. ;
Dimensions 28 cm.
500 ## - GENERAL NOTE
General note 5a ed. en español de la 10a ed. en inglés
500 ## - GENERAL NOTE
General note Incluye Indice
650 #7 - SUBJECT ADDED ENTRY--TOPICAL TERM
Source of heading or term lemb
Topical term or geographic name as entry element Termodinámica
700 1# - ADDED ENTRY--PERSONAL NAME
Personal name Boles, Michael A.,
Relator term autor
700 1# - ADDED ENTRY--PERSONAL NAME
Personal name Kanoglu, Mehmet,
Relator term autor
700 1# - ADDED ENTRY--PERSONAL NAME
Personal name Martínez Ordaz, José Emiliano,
Relator term revisor técnico
700 1# - ADDED ENTRY--PERSONAL NAME
Personal name Mendoza Álvarez, Ernesto Alejandro,
Relator term revisor técnico
700 1# - ADDED ENTRY--PERSONAL NAME
Personal name Martínez Quíroz, Marisela,
Relator term revisor técnico
700 1# - ADDED ENTRY--PERSONAL NAME
Personal name González Joaquín, Marion César,
Relator term revisor técnico
700 1# - ADDED ENTRY--PERSONAL NAME
Personal name Murrieta Murrieta, Jesús Elmer,
Relator term traductor
700 1# - ADDED ENTRY--PERSONAL NAME
Personal name Pineda Ayala, Leticia Esther,
Relator term traductor
942 ## - ADDED ENTRY ELEMENTS (KOHA)
Source of classification or shelving scheme Biblioteca del Cogreso de los Estados Unidos
Koha item type Libro
Holdings
Estado de pérdida Fuente de clasificación Estado del daño No para préstamo Ubicación permanente Ubicación actual Apartado o colección Fecha de adquisición Fuente de adquisición Edición Área del conocimiento Total Checkouts Clasificación Código de Barras Date last seen Número de copia Costo por reposición Tipo de recurso
  Biblioteca del Cogreso de los Estados Unidos     Biblioteca de la Facultad de Ingeniería Química Biblioteca de la Facultad de Ingeniería Química General 31/10/2025 Unidad Académica 10a ed. Ciencias Naturales y Exactas   QC311 C46 2025 BIQO000003110 31/10/2025 1 1.00 Libro
  Biblioteca del Cogreso de los Estados Unidos     Biblioteca de la Facultad de Ingeniería Química Biblioteca de la Facultad de Ingeniería Química General 31/10/2025 Unidad Académica 10a ed. Ciencias Naturales y Exactas   QC311 C46 2025 BIQO000003114 31/10/2025 2 1.00 Libro